| 000 | 00965nam0a2200277 4500 | ||
|---|---|---|---|
| 001 | RU\NLR\b_ik\114121 | ||
| 005 | 20250616225408.0 | ||
| 010 |
_a5-9542-0027-0 _92500 |
||
| 035 | _a(NLR Aleph) 002187784 | ||
| 090 |
_a2870365 _c2870365 |
||
| 100 | _a20040629d2004 |||y0rusy50 ca | ||
| 101 | 0 | _ager | |
| 102 | _aRU | ||
| 105 | _aa ||||||||| | ||
| 200 | 1 |
_aAbenteuer des Freyherrn von Münchhausen _fGottfried August Bürger _g[С ил. Гюстава Доре] |
|
| 210 |
_aM. _cJupiter-inter _d2004 |
||
| 215 |
_a146 c. _cил. _d17 |
||
| 225 | 1 |
_aСерия "Классики в оригинале" _iDeutsch |
|
| 606 | 0 |
_aНемецкий язык _jУчебные издания _91063964 _3RU\NLR\AUTH\66413315 |
|
| 686 | 4 | _aШ6(4Г)45-4{Лх1355-45} | |
| 686 | 4 | _aШ143.24-93рус91 | |
| 700 | 1 |
_aBürger _bG. A. _f1747-1794 _gGottfried August _4070 |
|
| 801 | 0 |
_aRU _bNLR _c20040629 _gPSBO |
|
| 942 | _cBOOK | ||
| 980 | _aNB | ||